000
00303nam a22001217a 4500
008
160427b xxu||||| |||| 00| 0 eng d
020
_a
9780131713086
020
_a
`0131713086
041
_a
eng
080
_a
618.2
245
_a
Medical surgical nursing:
_c
Priscilla LeMone; Karen Burk;
942
_2
udc
_c
BK
999
_c
1635
_d
1635